01619nam a22003857a 4500003000500000005001700005008004100022010000800063011000900071035000900080040000900089090001000098100004000108245012500148260004200273300001000315500001100325502007200336590003700408590004100445590004100486590004100527590004200568650003400610650003400644901000700678942000900685949004100694949004600735949005400781999001300835952012500848952013300973952012701106CHAP20220329133003.0971013s1990 r 00010 d a974 a1946 a1131 cCHAP aTesis00aMarroquín Andrade, Lila M.971558 aBúsqueda de métodos in vitro e invernadero para la determinación del tipo de resistencia en durazno a la cenicilla aMontecillo, Méx. :bEl autor,c1990 a54 h. a39-209 aTesis (M.C. en Esp. en Fruticultura) -- C.P. Centro de Fruticultura aALEPHb10c20130110lUCH01h1207 aBATCH-UPDb10c20130110lUCH01h0951 aBATCH-UPDb10c20130410lUCH01h0604 aBATCH-UPDb10c20130914lUCH01h1224 aCONVERSIONb10c20130109lUCH01h130214aDuraznoxEnfermedades.93459414aSphaerotheca pannosa.9109209 aBK cFOLL bBCcTESd-10595eTS1h23185i1131si bBCcTESd-70366eTS2fc.2h23186i1131si bBCcTESd33724000633772eTS2fc.3h31087i1131si c974d974 00102local4053708TESISaBCbBCcPA_TESISd2019-12-31fTESISl0p-70366r2019-12-31 00:00:00tc.2w2019-12-31yTESIS 00102local4053708TESISaBCbBCcPA_TESISd2019-12-31fTESISl0p33724000633772r2019-12-31 00:00:00tc.3w2019-12-31yTESIS 00102local4051708TESISaBCbBCcPA_TESISd2019-12-31fTESISl0oTesisp-10595r2019-12-31 00:00:00w2019-12-31yTESIS